Normal view
MARC view
- Economic History -- 1971-1990 -- Periodicals
Entry Topical Term
001 - CONTROL NUMBER
- control field: 38166
003 - CONTROL NUMBER IDENTIFIER
- control field: NUST
005 - DATE AND TIME OF LATEST TRANSACTION
- control field: 20210314130606.0
008 - FIXED-LENGTH DATA ELEMENTS
- fixed length control field: 210314|| aca||aabn | a|a d
040 ## - CATALOGING SOURCE
- Original cataloging agency: NUST
- Transcribing agency: NUST
150 ## - HEADING--TOPICAL TERM
- Topical term or geographic name entry element: Economic History -- 1971-1990 -- Periodicals
670 ## - SOURCE DATA FOUND
- Source citation: Work cat.: (NUST): State of the world 1990, 1990
